01423nam a2200265 a 450000100060000000300080000600500170001400800410003103500190007204000230009104100080011408200320012211000520015424501420020625000140034826000470036230000170040950502430042665000550066971000830072494200120080799900170081995201600083695201610099645224BD-RjUL20211209054001.0160725s1964 ii 000 0 eng  a(BD-RjUL)45342 aDLCcDLCdDLCbeng aeng00a343.5491052223 bINC 1964 1 aIndia (Republic).kLaws, statutes, etc.914144210aIncome tax manual : bCorrected upto the 31st december, 1964 / cissued by Directorate of Inspection (Research, Statistics & Publication. a3rd edi.  aKarachi :bManager of Publications,c1964  av. ;c25 cm.1 apt. 1. Containing the Income-tax Act, 1961 (43 of 1961) as amended by the various amending Acts and Finance Acts from 1962 to 1970 and Extracts from the Finance Act, 1970 (No. 19 of 1970) pt. 2. Statutory rules, orders, and notifications. 0aIncome taxxLaw and legislationzPakistan 91350411 aIndia.bDirectorate of Inspection (Research, Statistics & Publication)9138545 2ddccBK c45224d45224 00102ddc40708NFICaRUCLbRUCLcStackd1968-06-23eWarribook Centre : Dhakag3.25l0o343.5491052 INC V-2 1964r2016-07-25 00:00:00tC-2w2021-12-09yBK 00102ddc40708NFICaRUCLbRUCLcStackd1968-06-29eWarribook Centre : Dhakag3.25l0o343.5491052 INC Pt-2 1964r2016-08-01 00:00:00tC-3w2021-12-09yBK